Investigación educativa: áreas políticas, estrategias y proyectos
Guardado en:
| Formato: | Libro |
|---|---|
| Lenguaje: | español |
| Publicado: |
Bogotá
CENDIP
1972
|
| Colección: | Serie Investigaciones, 2
|
| Materias: | |
| Etiquetas: |
Agregar Etiqueta
Sin Etiquetas, Sea el primero en etiquetar este registro!
|
MARC
| LEADER | 00000nam a2200000 a 4500 | ||
|---|---|---|---|
| 001 | UCW6178 | ||
| 003 | CL-VaPUC | ||
| 008 | 911029e19720000CK |||||||||||||||||spa|d | ||
| 082 | 0 | 4 | |a 370.78 |b INV |2 21 |
| 245 | 1 | 0 | |a Investigación educativa: áreas políticas, estrategias y proyectos |
| 300 | |a 50 p | ||
| 942 | |c BK | ||
| 945 | |d 19911029 00:00:00 | ||
| 260 | |a Bogotá |b CENDIP |c 1972 | ||
| 650 | 0 | |a Investigación educacional |9 261192 | |
| 583 | |a last modification |c 20170928 09:50:57 |k Rodrigo Vera | ||
| 490 | 0 | |a Serie Investigaciones, 2 | |
| 999 | |c 219334 |d 219332 | ||
| 952 | |0 0 |1 0 |4 0 |6 370_780000000000000_INV_1972 |7 0 |8 P |9 210135 |a BIBEDU |b BIBEDU |c BIBEDU_PB |d 2019-11-15 |i 2782200 |o 370.78 INV 1972 |p 2782200 |r 2024-01-25 |w 2019-11-15 |y BK |k EDU | ||